MARC

LEADER 00000nam2a2200000 4500
001 326763
005 20231102003907.0
035 |a (RuTPU)RU\TPU\book\352423 
035 |a RU\TPU\book\321657 
090 |a 326763 
100 |a 20170116d1980 k y0rusy5003 ca 
101 0 |a rus 
102 |a BY 
105 |a a z 001zy 
200 0 |a Вып. 14  |f гл. ред. В. С. Пащенко 
210 |d 1980 
215 |d 22 см  |a 150 с.  |c ил. 
320 |a Библиография в конце статей 
461 1 |0 (RuTPU)RU\TPU\book\44309  |t Металлургия  |o республиканский межведомственный сборник научных трудов  |f Белорусский политехнический институт  |v Вып. 14  |d 1970-1990 
606 1 |a Металлургия общая  |2 stltpush  |3 (RuTPU)RU\TPU\subj\43016  |9 62604 
610 1 |a металловедение 
610 1 |a металлы 
610 1 |a термическая обработка 
610 1 |a литейное производство 
610 1 |a металлообработка давлением 
610 1 |a диффузионное хромирование 
610 1 |a химико-термическая обработка 
610 1 |a углеродистые стали 
610 1 |a азотирование 
610 1 |a твердые сплавы 
610 1 |a термическая усталость 
610 1 |a литье в кокиль 
610 1 |a отливки 
610 1 |a теплообмен 
610 1 |a жидкий чугун 
610 1 |a примеси 
675 |a 669  |z rus  |v 3 
702 1 |a Пащенко  |b В. С.  |g Владимир Семенович  |4 651 
801 0 |a RU  |b 63413507  |c 19950704  |g psbo 
801 1 |a RU  |b 63413507  |c 20150601 
801 2 |a RU  |b 63413507  |c 20170118  |g RCR 
942 |c BK